000 00182nam a22000857a 4500
020 _a0536677697
050 _aQA 154.3 .C6 2002
245 _aCollege algebra volume 1
942 _2lcc
_cGEN
999 _c12322
_d12322